00777nam a2200205 i 450000100060000000300090000600500170001500700030003200800410003510000420007624500690011826000320018730000220021949000490024165000530029083000570034385200320040099900170043295201220044921806ES-MaACL20250808231725.0t|021127s1973 sp ||||1| spa d1 aAlmansa Pastor, José Manuel.92008810aDerecho de la seguridad social / cJosé Manuel Almansa Pastor. aMadrid : bTecnos, c[1973] a500 p. ; c22 cm.1 aBiblioteca Universitaria de Editorial Tecnos 4aDerecho de la seguridad social-zEspaña9116960 aBiblioteca Universitaria de Editorial Tecnos9178819 aES-MaACLjC-48799 bR.84762 c21806d21806 00104070aATENEOMbATENEOMcDEPO2d2008-01-17eSCl0oC-48799p1022413r2023-02-23 00:00:00w2023-02-23yMONOGRAFIA